| 000 | 01370ntaaa2200337 4500 | ||
|---|---|---|---|
| 003 | 01 | ||
| 005 | 20251027203241.0 | ||
| 008 | 0714s1973 ag 01 | ||
| 040 |
_aAR-BaBN _bspa _cAR-BaBN _eaacr _dRIC |
||
| 082 | _a370 P15 (V11) | ||
| 245 |
_aPsicología y didáctica de la enseñanza / / _cWillard S. Elsbree ... [et al.] ; con prólogo de H.L. Caswell ; revisado por Jaime Bernstein |
||
| 260 |
_aBuenos Aires : _bPaidós, _c1965 |
||
| 300 |
_a667 p. ; _cil |
||
| 490 |
_aNueva enciclopedía pedagógica del educador ; _vv. 11 |
||
| 500 | _aContenido: Como hacer progresar al escolar - Como enseñar a resolver problemas en el aula - Como enseñar las ciencias al escolar - Como estudiar para aprender - Como enseñar al escolar y al estudiante lentos | ||
| 650 |
_aPROMOCION DEL ALUMNO _935027 |
||
| 650 |
_aCALIFICACIONES ESCOLARES _935028 |
||
| 650 | _aPROCESO DE ENSENANZA-APRENDIZAJE | ||
| 650 |
_aEXPERIMENTOS CIENTIFICOS _935030 |
||
| 650 |
_aMETODOS DE ESTUDIO _935031 |
||
| 650 |
_aEDUCACION ESPECIAL _925726 |
||
| 650 |
_aDIFICULTADES EN EL APRENDIZAJE _935032 |
||
| 659 | _aEDUCACION | ||
| 700 |
_aElsbree, Willard S _935033 |
||
| 700 |
_aHudgins, Bryce B _935034 |
||
| 700 |
_aSheckles, Mary _935035 |
||
| 700 |
_aMeenes, Max _925512 |
||
| 700 |
_aFeatherstone, W.B _935036 |
||
| 700 |
_aCaswell, H.L. _eprologuista _935037 |
||
| 942 | _cBK | ||
| 999 |
_c27936 _d27936 |
||